[Event "Titled Tuesday intern op 12th Dec Early"]
[Site "Chess.com INT"]
[Date "2023.12.12"]
[Round "3"]
[White "Kourkoulos Arditis, Stamatis"]
[Black "Leenhouts, Koen"]
[Result "1-0"]
[WhiteElo "2549"]
[BlackElo "2446"]
[PlyCount "123"]
[EventDate "2023.12.12"]
[EventType "swiss (blitz)"]
[EventRounds "11"]
[EventCountry "USA"]
[SourceTitle "CB51_2023"]
[SourceDate "2023.12.20"]
[SourceVersion "1"]
[SourceVersionDate "2023.12.20"]
[SourceQuality "1"]

1. e4 e6 2. d4 d5 3. Nd2 c5 4. Ngf3 cxd4 5. Nxd4 Nc6 6. Bb5 Bd7 7. Nxc6 bxc6 8. Bd3 Bd6 9. 0-0 Ne7 10. Re1 e5 11. exd5 cxd5 12. c4 0-0 13. cxd5 Nxd5 14. Nc4 Bc7 15. Nxe5 Be6 16. Bd2 Qf6 17. Qe2 Nf4 18. Bxf4 Qxf4 19. g3 Qf6 20. Rac1 Bb6 21. Rc2 Rad8 22. Bc4 Rfe8 23. Qf1 h5 24. h4 Bxc4 25. Nxc4 Qg6 26. Rxe8+ Rxe8 27. Rc3 Bd4 28. Rd3 Rd8 29. Kg2 Qc6+ 30. Rf3 Bf6 31. b3 Rd4 32. Qe2 g6 33. Kg1 Kg7 34. Rd3 Rg4 35. Qf3 Qe6 36. Kh2 Bd4 37. Ne3 Bxe3 38. Rxe3 Qb6 39. Kg2 Qd6 40. Re4 Rxe4 41. Qxe4 Qd2 42. a4 a5 43. Qe5+ Kh7 44. Qf4 Qxf4 45. gxf4 Kg7 46. Kf3 Kf6 47. Ke4 Ke6 48. f5+ gxf5+ 49. Kf4 Kf6 50. f3 Kg6 51. Ke5 f4 52. Kxf4 Kf6 53. Ke4 Ke6 54. f4 f6 55. f5+ Kd6 56. Kd4 Kc6 57. Kc4 Kd6 58. b4 axb4 59. Kxb4 Kc6 60. a5 Kb7 61. Kb5 Ka7 62. Kc6 1-0

[Event "Titled Tuesday intern op 12th Dec Early"]
[Site "Chess.com INT"]
[Date "2023.12.12"]
[Round "2"]
[White "Leenhouts, Koen"]
[Black "Bardyk, Artem"]
[Result "1-0"]
[WhiteElo "2446"]
[BlackElo "2206"]
[PlyCount "71"]
[EventDate "2023.12.12"]
[EventType "swiss (blitz)"]
[EventRounds "11"]
[EventCountry "USA"]
[SourceTitle "CB51_2023"]
[SourceDate "2023.12.20"]
[SourceVersion "1"]
[SourceVersionDate "2023.12.20"]
[SourceQuality "1"]

1. d4 d5 2. c4 e6 3. Nc3 c5 4. Nf3 cxd4 5. Nxd4 e5 6. Nf3 d4 7. Ne4 Nf6 8. Nxf6+ Qxf6 9. g3 e4 10. Nxd4 Bb4+ 11. Bd2 e3 12. fxe3 Bd6 13. Bg2 h5 14. Bc3 Be5 15. Rf1 Qg6 16. Qd3 h4 17. Qxg6 fxg6 18. 0-0-0 hxg3 19. hxg3 a6 20. Be4 Rh6 21. Rh1 Bxg3 22. Rxh6 gxh6 23. Bxg6+ Ke7 24. Bf5 Nc6 25. Bxc8 Nxd4 26. Bg4 Ne6 27. Bb4+ Kf6 28. Rf1+ Ke5 29. Bc3+ Kd6 30. Rf6 Re8 31. Rxh6 Bf2 32. Kd2 Kd7 33. Kd3 Bg3 34. b4 b6 35. a4 Bd6 36. Ke4 1-0

[Event "Titled Tuesday intern op 12th Dec Early"]
[Site "Chess.com INT"]
[Date "2023.12.12"]
[Round "8"]
[White "Leenhouts, Koen"]
[Black "Korchmar, Vasiliy"]
[Result "1/2-1/2"]
[WhiteElo "2446"]
[BlackElo "2438"]
[PlyCount "153"]
[EventDate "2023.12.12"]
[EventType "swiss (blitz)"]
[EventRounds "11"]
[EventCountry "USA"]
[SourceTitle "CB51_2023"]
[SourceDate "2023.12.20"]
[SourceVersion "1"]
[SourceVersionDate "2023.12.20"]
[SourceQuality "1"]

1. d4 Nf6 2. c4 e6 3. g3 d5 4. Nf3 dxc4 5. Qa4+ Nbd7 6. Qxc4 a6 7. Qc2 b5 8. Bg2 Bb7 9. 0-0 c5 10. dxc5 Bxc5 11. Nc3 Rc8 12. a3 0-0 13. Bg5 h6 14. Bxf6 Nxf6 15. Rad1 Qb6 16. e3 Nd5 17. Nxd5 Bxd5 18. Qb1 Bc4 19. Rfe1 Bb3 20. Rd7 b4 21. axb4 Bxb4 22. Rc1 Qb5 23. Rd4 Be7 24. h4 Bf6 25. Rd2 Qa5 26. Rxc8 Rxc8 27. Qe1 Bd5 28. e4 Bb3 29. Qe3 Rb8 30. e5 Be7 31. Nd4 Bc5 32. Qe2 Ba4 33. Nc6 Bxc6 34. Bxc6 Qb6 35. Bf3 Bd4 36. Kg2 Bxb2 37. Rd6 Qb5 38. Rxa6 Bxe5 39. Ra8 Qxe2 40. Rxb8+ Bxb8 41. Bxe2 f5 42. Bf3 Kf7 43. h5 Kf6 44. Be2 e5 45. Bd1 Kg5 46. Be2 Ba7 47. Bd1 e4 48. Be2 Bd4 49. Bd1 Kf6 50. Be2 Ke5 51. Bd1 Kd5 52. Bb3+ Ke5 53. Bd1 Kd6 54. Be2 Kc5 55. Bd1 Be5 56. Bb3 Kd4 57. Be6 f4 58. gxf4 Bxf4 59. Bf5 Bg5 60. Bg6 Ke5 61. Bh7 Kf4 62. Bg6 Bf6 63. Bh7 Bd4 64. Bg6 Kg5 65. Kg3 Be5+ 66. Kg2 Bf4 67. Bxe4 Kxh5 68. Bf3+ Kh4 69. Be4 Kg5 70. Bf3 Be5 71. Be2 Kf4 72. Bf3 g6 73. Bd5 h5 74. Bf7 Kg5 75. Bxg6 Kxg6 76. f4 Bxf4 77. Kh3 1/2-1/2

[Event "Titled Tuesday intern op 12th Dec Early"]
[Site "Chess.com INT"]
[Date "2023.12.12"]
[Round "10"]
[White "Monpeurt, Cyrielle"]
[Black "Leenhouts, Koen"]
[Result "0-1"]
[WhiteElo "2187"]
[BlackElo "2446"]
[PlyCount "40"]
[EventDate "2023.12.12"]
[EventType "swiss (blitz)"]
[EventRounds "11"]
[EventCountry "USA"]
[SourceTitle "CB51_2023"]
[SourceDate "2023.12.20"]
[SourceVersion "1"]
[SourceVersionDate "2023.12.20"]
[SourceQuality "1"]

1. Nf3 Nf6 2. b3 g6 3. Bb2 Bg7 4. e4 0-0 5. e5 Nd5 6. c4 Nb6 7. d4 d6 8. Qe2 Nc6 9. d5 Nxe5 10. Nxe5 dxe5 11. Bxe5 e6 12. Bxg7 Kxg7 13. dxe6 Bxe6 14. Qe5+ f6 15. Qe3 Re8 16. Be2 Bg4 17. Bxg4 Rxe3+ 18. fxe3 f5 19. Bf3 Qf6 20. 0-0 Qxa1 0-1

[Event "Titled Tuesday intern op 12th Dec Early"]
[Site "Chess.com INT"]
[Date "2023.12.12"]
[Round "9"]
[White "Shuvalova, Polina"]
[Black "Leenhouts, Koen"]
[Result "1-0"]
[WhiteElo "2475"]
[BlackElo "2446"]
[PlyCount "93"]
[EventDate "2023.12.12"]
[EventType "swiss (blitz)"]
[EventRounds "11"]
[EventCountry "USA"]
[SourceTitle "CB51_2023"]
[SourceDate "2023.12.20"]
[SourceVersion "1"]
[SourceVersionDate "2023.12.20"]
[SourceQuality "1"]

1. e4 e6 2. d4 d5 3. Nd2 c5 4. exd5 Qxd5 5. Ngf3 cxd4 6. Bc4 Qd6 7. 0-0 Nf6 8. Nb3 Nc6 9. Nbxd4 Nxd4 10. Nxd4 Be7 11. Re1 0-0 12. c3 Qc7 13. Bd3 b6 14. Qf3 Bb7 15. Qh3 g6 16. Bh6 Rfe8 17. Nxe6 Qc8 18. Nf4 Qxh3 19. Nxh3 Bc5 20. Bg5 Kg7 21. Kf1 a5 22. f3 h6 23. Bh4 Nd5 24. Bf2 Ne3+ 25. Kg1 Rad8 26. Bb5 Re7 27. Re2 g5 28. Rae1 Nf5 29. Rxe7 Bxe7 30. Bxb6 Rd2 31. Re2 Rd1+ 32. Kf2 Bd6 33. g3 Rh1 34. Kg2 Ra1 35. Nf2 Rxa2 36. Bc4 Ra1 37. Ne4 Be7 38. g4 Nh4+ 39. Kg3 Bxe4 40. Rxe4 Bd6+ 41. Kf2 Bxh2 42. Bd4+ Kg6 43. Bd3 Bg1+ 44. Kg3 Bxd4 45. Re1+ f5 46. Rxa1 Be5+ 47. Kf2 1-0

[Event "Titled Tuesday intern op 19th Sep Late"]
[Site "Chess.com INT"]
[Date "2023.09.19"]
[Round "8"]
[White "Krzywda, Andrzej"]
[Black "Leenhouts, Koen"]
[Result "0-1"]
[WhiteElo "2210"]
[BlackElo "2444"]
[PlyCount "52"]
[EventDate "2023.09.19"]
[EventType "swiss (blitz)"]
[EventRounds "11"]
[EventCountry "USA"]
[SourceTitle "EXT 2024"]
[Source "ChessBase"]
[SourceDate "2023.10.10"]
[SourceVersion "1"]
[SourceVersionDate "2023.10.10"]
[SourceQuality "1"]

1. e4 c5 2. Nf3 e6 3. d4 cxd4 4. Nxd4 a6 5. h3 Nc6 6. Nxc6 bxc6 7. Bd3 d5 8. Nd2 Bd6 9. 0-0 Ne7 10. Re1 e5 11. Qh5 0-0 12. exd5 g6 13. Qh6 cxd5 14. Nf3 f6 15. Nh4 e4 16. Bf1 Nf5 17. Nxf5 Bxf5 18. Be3 Be5 19. c3 Rb8 20. Rad1 Rxb2 21. c4 d4 22. Bc1 Rxa2 23. g4 Bc8 24. Rxe4 Bb7 25. Ree1 Qd6 26. c5 Bh2# 0-1

[Event "Titled Tuesday intern op 19th Sep Late"]
[Site "Chess.com INT"]
[Date "2023.09.19"]
[Round "2"]
[White "Melkumyan, Hrant"]
[Black "Leenhouts, Koen"]
[Result "1-0"]
[WhiteElo "2650"]
[BlackElo "2444"]
[PlyCount "81"]
[EventDate "2023.09.19"]
[EventType "swiss (blitz)"]
[EventRounds "11"]
[EventCountry "USA"]
[SourceTitle "EXT 2024"]
[Source "ChessBase"]
[SourceDate "2023.10.10"]
[SourceVersion "1"]
[SourceVersionDate "2023.10.10"]
[SourceQuality "1"]

1. c4 g6 2. d4 Nf6 3. Nc3 d5 4. cxd5 Nxd5 5. e4 Nxc3 6. bxc3 Bg7 7. Bb5+ c6 8. Ba4 0-0 9. Nf3 b5 10. Bb3 a5 11. 0-0 a4 12. Bc2 c5 13. Rb1 b4 14. cxb4 cxd4 15. Bxa4 Bg4 16. Bb3 Nc6 17. h3 Bxf3 18. Qxf3 Nxb4 19. a3 Nc6 20. a4 e6 21. Bd2 Qd6 22. Rfc1 Rfb8 23. Qd3 h5 24. f4 h4 25. e5 Qd7 26. Qf3 Ne7 27. a5 Nf5 28. Bc2 Bf8 29. Bd3 Qa4 30. Rxb8 Rxb8 31. a6 Qa2 32. Be1 Qa3 33. Rd1 Ne3 34. Rd2 Rb3 35. Qe2 Bb4 36. Ra2 Qc1 37. a7 Bxe1 38. a8Q+ Kg7 39. Ra1 Bf2+ 40. Kxf2 Nd1+ 41. Kg1 1-0

[Event "Titled Tuesday intern op 19th Sep Late"]
[Site "Chess.com INT"]
[Date "2023.09.19"]
[Round "6"]
[White "Mizzi, Jack"]
[Black "Leenhouts, Koen"]
[Result "1/2-1/2"]
[WhiteElo "2007"]
[BlackElo "2444"]
[PlyCount "115"]
[EventDate "2023.09.19"]
[EventType "swiss (blitz)"]
[EventRounds "11"]
[EventCountry "USA"]
[SourceTitle "EXT 2024"]
[Source "ChessBase"]
[SourceDate "2023.10.10"]
[SourceVersion "1"]
[SourceVersionDate "2023.10.10"]
[SourceQuality "1"]

1. d4 d5 2. c4 e6 3. g3 a6 4. Bg2 Nf6 5. Nf3 dxc4 6. 0-0 Nc6 7. Nc3 Rb8 8. e4 Be7 9. d5 exd5 10. exd5 Nb4 11. Ne5 Bf5 12. Nxc4 0-0 13. Bf4 Bd3 14. Qb3 Bxf1 15. Rxf1 Nbxd5 16. Rd1 c6 17. Bxb8 Qxb8 18. Nxd5 Nxd5 19. Bxd5 cxd5 20. Rxd5 Bf6 21. Qb6 Qc8 22. b3 h6 23. h4 Re8 24. Kg2 Qg4 25. Qxb7 Bxh4 26. Rd3 Bf6 27. Qf3 Qe6 28. Re3 Qd7 29. Nb6 Qd8 30. Rxe8+ Qxe8 31. Nd5 Be5 32. Qe4 Qb8 33. f4 Bd6 34. Ne7+ Bxe7 35. Qxe7 Qb5 36. Qe3 Qd5+ 37. Qf3 Qd2+ 38. Qf2 Qd5+ 39. Kh2 a5 40. Kg1 h5 41. f5 Qd1+ 42. Kh2 Qd5 43. f6 g5 44. Qc2 Qe5 45. Qc8+ Kh7 46. Qc2+ Kh6 47. Qd2 Qxf6 48. Qxa5 Kg6 49. Qd2 Qe5 50. Qd3+ Kh6 51. Kg2 h4 52. gxh4 gxh4 53. Qd2+ Kh5 54. Qd1+ Kg5 55. Qd2+ Kh5 56. Qd1+ Kg5 57. Qc1+ Kh5 58. Qd1+ 1/2-1/2

[Event "Titled Tuesday intern op 12th Sep Late"]
[Site "Chess.com INT"]
[Date "2023.09.12"]
[Round "8"]
[White "Krzywda, Andrzej"]
[Black "Leenhouts, Koen"]
[Result "1-0"]
[WhiteElo "2210"]
[BlackElo "2444"]
[PlyCount "81"]
[EventDate "2023.09.12"]
[EventType "swiss (blitz)"]
[EventRounds "11"]
[EventCountry "USA"]
[SourceTitle "EXT 2024"]
[Source "ChessBase"]
[SourceDate "2023.10.10"]
[SourceVersion "1"]
[SourceVersionDate "2023.10.10"]
[SourceQuality "1"]

1. e4 e5 2. Nf3 Nc6 3. Bb5 a6 4. Ba4 Nf6 5. 0-0 Be7 6. Re1 b5 7. Bb3 0-0 8. a4 b4 9. d4 d6 10. dxe5 dxe5 11. Qxd8 Rxd8 12. Bg5 Bg4 13. Bxf6 Bxf6 14. Nbd2 Rd7 15. Bd5 Bxf3 16. Bxc6 Rxd2 17. Bxa8 Be2 18. Bd5 Rxc2 19. Rac1 Bd3 20. Rxc2 Bxc2 21. a5 Bg5 22. h4 Bxh4 23. Rc1 b3 24. Ra1 c5 25. Bc4 Bxe4 26. Bxa6 Bd8 27. Bc4 Kf8 28. a6 Ba8 29. Rd1 Ke8 30. Bxf7+ Ke7 31. Bxb3 Bb6 32. Bc4 e4 33. Kf1 h5 34. Ke2 g5 35. Ke3 h4 36. Bd5 c4+ 37. Ke2 Bxd5 38. Rxd5 g4 39. Re5+ Kd6 40. Rxe4 Kc5 41. Rxg4 1-0

[Event "Titled Tuesday intern op 12th Sep Late"]
[Site "Chess.com INT"]
[Date "2023.09.12"]
[Round "6"]
[White "Leenhouts, Koen"]
[Black "Dwilewicz, Katarzyna"]
[Result "1-0"]
[WhiteElo "2444"]
[BlackElo "2098"]
[PlyCount "141"]
[EventDate "2023.09.12"]
[EventType "swiss (blitz)"]
[EventRounds "11"]
[EventCountry "USA"]
[SourceTitle "EXT 2024"]
[Source "ChessBase"]
[SourceDate "2023.10.10"]
[SourceVersion "1"]
[SourceVersionDate "2023.10.10"]
[SourceQuality "1"]

1. d4 d5 2. Nf3 Nf6 3. e3 g6 4. Bd3 Bg7 5. 0-0 0-0 6. b3 b6 7. Bb2 Bb7 8. Nbd2 Nbd7 9. Ne5 c5 10. Ndf3 Rc8 11. Qe2 Ne4 12. Rfd1 Nxe5 13. dxe5 Qc7 14. c4 e6 15. Rac1 Rfd8 16. h4 h5 17. cxd5 exd5 18. Ba6 Re8 19. Bb5 Re7 20. b4 c4 21. Bd4 a6 22. Ba4 b5 23. Bc2 a5 24. a3 Bc6 25. Qe1 Ra8 26. Rb1 Ree8 27. a4 axb4 28. axb5 Bxb5 29. Qxb4 Reb8 30. Qe1 Bc6 31. Rxb8+ Rxb8 32. Rb1 Ra8 33. Qb4 Bf8 34. Qb2 Ba3 35. Qb6 Qc8 36. Bxe4 dxe4 37. Ng5 Be7 38. e6 fxe6 39. Qb2 Bf8 40. Qc3 Bd5 41. g3 Ra3 42. Qc2 c3 43. Nxe4 Bxe4 44. Qxe4 Kf7 45. Rb7+ Be7 46. Qf4+ Ke8 47. Rc7 Qd8 48. Rxc3 Rxc3 49. Bxc3 Qd1+ 50. Kg2 Qd3 51. Qa4+ Kf7 52. Qd4 Qxd4 53. Bxd4 Bd6 54. e4 Ke7 55. Kf3 e5 56. Be3 Ke6 57. Bg5 Bc5 58. Ke2 Bd4 59. Be3 Bc3 60. f3 Bb2 61. Kd3 Ba3 62. Bd2 Bc5 63. Bg5 Bf2 64. g4 Be1 65. Kc4 Bf2 66. Kb5 Ba7 67. Kc6 Bf2 68. Kc7 Bd4 69. Kd8 Bc5 70. Ke8 Bb4 71. gxh5 1-0

[Event "Titled Tuesday intern op 12th Sep Late"]
[Site "Chess.com INT"]
[Date "2023.09.12"]
[Round "3"]
[White "Leenhouts, Koen"]
[Black "Eggleston, Thomas"]
[Result "1-0"]
[WhiteElo "2444"]
[BlackElo "2188"]
[PlyCount "87"]
[EventDate "2023.09.12"]
[EventType "swiss (blitz)"]
[EventRounds "11"]
[EventCountry "USA"]
[SourceTitle "EXT 2024"]
[Source "ChessBase"]
[SourceDate "2023.10.10"]
[SourceVersion "1"]
[SourceVersionDate "2023.10.10"]
[SourceQuality "1"]

1. d4 e6 2. c4 f5 3. Nf3 Nf6 4. g3 Be7 5. Bg2 0-0 6. 0-0 d6 7. Nc3 Ne4 8. Qc2 Nxc3 9. bxc3 Nc6 10. e4 e5 11. dxe5 dxe5 12. exf5 Bxf5 13. Qb3 Be4 14. Rd1 Qc8 15. Ne1 Bxg2 16. Nxg2 Na5 17. Qb5 b6 18. Qxe5 Bc5 19. Be3 Bd6 20. Qd5+ Kh8 21. c5 Rf5 22. cxd6 Rxd5 23. Rxd5 cxd6 24. Rxd6 Nc4 25. Rd3 Ne5 26. Rd5 Nf3+ 27. Kf1 Qxc3 28. Rad1 h6 29. Nf4 Qc4+ 30. Kg2 Ng5 31. h4 Qe4+ 32. Kf1 Ne6 33. Nxe6 Qxe6 34. Rd7 Qxa2 35. Bd4 Qc4+ 36. Kg1 Rg8 37. Re1 Kh7 38. Ree7 Kg6 39. g4 Qc1+ 40. Kg2 Qc6+ 41. Kh2 h5 42. Rxg7+ Rxg7 43. Rxg7+ Kh6 44. g5# 1-0

[Event "Titled Tuesday intern op 12th Sep Late"]
[Site "Chess.com INT"]
[Date "2023.09.12"]
[Round "5"]
[White "Rangel, Daniel"]
[Black "Leenhouts, Koen"]
[Result "0-1"]
[WhiteElo "2204"]
[BlackElo "2444"]
[PlyCount "106"]
[EventDate "2023.09.12"]
[EventType "swiss (blitz)"]
[EventRounds "11"]
[EventCountry "USA"]
[SourceTitle "EXT 2024"]
[Source "ChessBase"]
[SourceDate "2023.10.10"]
[SourceVersion "1"]
[SourceVersionDate "2023.10.10"]
[SourceQuality "1"]

1. d4 d5 2. Nf3 Nf6 3. Bf4 e6 4. e3 Bd6 5. Bg3 0-0 6. Bd3 Nc6 7. c3 Ne7 8. Ne5 Nf5 9. Nd2 Bd7 10. Bf4 a6 11. g4 Nh4 12. g5 Ng2+ 13. Kf1 Nxf4 14. exf4 Ne8 15. Qh5 g6 16. Qh6 Bb5 17. Bxb5 axb5 18. Qh3 Ng7 19. Qg4 f5 20. Qe2 Nh5 21. Qe3 Bxe5 22. dxe5 Ra4 23. b4 Qa8 24. Kg2 b6 25. Nb3 d4+ 26. Qf3 Nxf4+ 27. Kg3 Nh5+ 28. Kg2 dxc3 29. Qxa8 Rfxa8 30. Rac1 Nf4+ 31. Kf3 Nd5 32. Nd4 Kf7 33. Nxb5 Rxa2 34. Rhd1 Rb2 35. Rd3 Raa2 36. Nxc3 Rxf2+ 37. Kg3 Rg2+ 38. Kh3 Rxh2+ 39. Kg3 Rag2+ 40. Kf3 Rf2+ 41. Kg3 f4+ 42. Kg4 Rfg2+ 43. Kf3 Rg3+ 44. Ke4 Rxd3 45. Kxd3 Rh3+ 46. Kd4 Rxc3 47. Rxc3 Nxc3 48. Kxc3 h5 49. gxh6 g5 50. Kd4 Kg6 51. Ke4 Kxh6 52. b5 Kg6 53. Kf3 Kf5 0-1

[Event "Titled Tuesday intern op 05th Sep Late"]
[Site "Chess.com INT"]
[Date "2023.09.05"]
[Round "9"]
[White "Aradhya, Garg"]
[Black "Leenhouts, Koen"]
[Result "0-1"]
[WhiteElo "2344"]
[BlackElo "2444"]
[PlyCount "104"]
[EventDate "2023.09.05"]
[EventType "swiss (blitz)"]
[EventRounds "11"]
[EventCountry "USA"]
[SourceTitle "EXT 2024"]
[Source "ChessBase"]
[SourceDate "2023.10.10"]
[SourceVersion "1"]
[SourceVersionDate "2023.10.10"]
[SourceQuality "1"]

1. d4 d5 2. c4 e6 3. Nc3 a6 4. cxd5 exd5 5. Bf4 Nf6 6. e3 Bd6 7. Bg5 c6 8. Bd3 Be6 9. f4 h6 10. Bh4 g5 11. fxg5 hxg5 12. Bxg5 Nbd7 13. Nf3 Qc7 14. h3 0-0-0 15. Qd2 Bg3+ 16. Kd1 Rdg8 17. Rf1 Kb8 18. Ne2 Bd6 19. Qc2 Ne4 20. Bxe4 dxe4 21. Qxe4 Bd5 22. Qf5 Be6 23. Qd3 Qb6 24. Kc1 Ka8 25. Bf4 c5 26. Rf2 cxd4 27. Nfxd4 Rc8+ 28. Nc3 Nc5 29. Qc2 Bc4 30. Rd2 Bxf4 31. exf4 Rhd8 32. Nf3 Nd3+ 33. Kb1 Qe3 34. b3 Be6 35. Re2 Qxf4 36. a3 Bf5 37. Qd2 Nc1+ 38. Kb2 Rxd2+ 39. Rxd2 Nd3+ 40. Ka2 Rxc3 41. Rad1 Qc7 42. Nd4 Bg6 43. h4 Qc5 44. h5 Qxd4 45. hxg6 fxg6 46. Re2 a5 47. Red2 Ka7 48. a4 Qb4 49. Rb1 Nc5 50. Rdb2 Nxa4 51. Rf2 Nc5 52. Rfb2 a4 0-1

[Event "Titled Tuesday intern op 05th Sep Early"]
[Site "Chess.com INT"]
[Date "2023.09.05"]
[Round "4"]
[White "Leenhouts, Koen"]
[Black "Kazakouski, Valery"]
[Result "1-0"]
[WhiteElo "2444"]
[BlackElo "2558"]
[PlyCount "79"]
[EventDate "2023.09.05"]
[EventType "swiss (blitz)"]
[EventRounds "11"]
[EventCountry "USA"]
[SourceTitle "EXT 2024"]
[Source "ChessBase"]
[SourceDate "2023.10.10"]
[SourceVersion "1"]
[SourceVersionDate "2023.10.10"]
[SourceQuality "1"]

1. d4 Nf6 2. c4 e6 3. Nc3 Bb4 4. e3 b6 5. Nge2 Ba6 6. a3 Bxc3+ 7. Nxc3 d5 8. Qf3 c6 9. b3 0-0 10. Bb2 Nbd7 11. Be2 Rc8 12. 0-0 Re8 13. Rad1 Qe7 14. Rfe1 e5 15. cxd5 Bxe2 16. Qxe2 exd4 17. Rxd4 cxd5 18. Nxd5 Nxd5 19. Rxd5 Qe6 20. Red1 Nc5 21. b4 Na4 22. Ba1 Nc3 23. Bxc3 Rxc3 24. R5d3 Rc6 25. h3 g6 26. Rd8 Rc8 27. Rxe8+ Qxe8 28. Qd3 a5 29. Qd4 axb4 30. axb4 Qb5 31. Kh2 h5 32. Rd2 Re8 33. Qf4 Kg7 34. Rd6 Kg8 35. Qd4 Qe2 36. Rf6 b5 37. Qd5 Rf8 38. Rxg6+ Kh7 39. Rf6 Kg7 40. Qg5+ 1-0

[Event "Titled Tuesday intern op 22nd Aug Late"]
[Site "Chess.com INT"]
[Date "2023.08.22"]
[Round "8"]
[White "Kirillov, Dmitry1111"]
[Black "Leenhouts, Koen"]
[Result "0-1"]
[WhiteElo "2206"]
[BlackElo "2446"]
[PlyCount "160"]
[EventDate "2023.08.22"]
[EventType "swiss (blitz)"]
[EventRounds "11"]
[EventCountry "USA"]
[SourceTitle "EXT 2024"]
[Source "ChessBase"]
[SourceDate "2023.10.10"]
[SourceVersion "1"]
[SourceVersionDate "2023.10.10"]
[SourceQuality "1"]

1. d4 Nf6 2. Nf3 g6 3. g3 Bg7 4. Bg2 0-0 5. 0-0 d5 6. c4 c6 7. cxd5 cxd5 8. Ne5 Ng4 9. Nxg4 Bxg4 10. Nc3 Nc6 11. Be3 Be6 12. Rc1 Rc8 13. Qa4 Qd7 14. Rfd1 Rfd8 15. a3 a6 16. h4 h5 17. Kh2 Bf6 18. Bf4 Kg7 19. Be3 Kh7 20. Bf3 Bg7 21. Bg2 Qc7 22. Qc2 Na5 23. Bf3 Nc4 24. Bf4 Qb6 25. Na4 Qb5 26. b3 Nxa3 27. Qa2 Rxc1 28. Rxc1 Qb4 29. Bd2 Qxd4 30. e3 Qd3 31. Nc5 Qf5 32. Nxe6 fxe6 33. Qxa3 Qxf3 34. Be1 Bf6 35. Qa5 Rg8 36. Qc7 g5 37. hxg5 Rxg5 38. Qf4 Qxf4 39. exf4 Rg7 40. Rc7 e5 41. fxe5 Bxe5 42. Rxb7 h4 43. Ra7 hxg3+ 44. fxg3 d4 45. Rxa6 d3 46. Ra7 Bd6 47. Ra4 e5 48. Ra6 Rd7 49. Bd2 e4 50. b4 Be5 51. Re6 Rd5 52. Kg2 Kg7 53. Kf2 Kf7 54. Rc6 Bd4+ 55. Ke1 e3 56. Rc7+ Ke6 57. Rc6+ Kd7 58. Rg6 exd2+ 59. Kxd2 Be3+ 60. Kd1 d2 61. Rg7+ Kc6 62. Rg6+ Kb5 63. Rg4 Bg5 64. Re4 Ka4 65. g4 Kb3 66. b5 Rc5 67. Ke2 Rc1 68. Rd4 Re1+ 69. Kf2 d1Q 70. Rxd1 Rxd1 71. b6 Rd2+ 72. Kf3 Rd6 73. Ke4 Rxb6 74. Kf5 Rb5+ 75. Kg6 Kc4 76. Kh5 Kc3 77. Kg6 Kd3 78. Kh7 Ke3 79. Kg8 Kf4 80. Kf7 Kxg4 0-1

[Event "Titled Tuesday intern op 22nd Aug Late"]
[Site "Chess.com INT"]
[Date "2023.08.22"]
[Round "2"]
[White "Leenhouts, Koen"]
[Black "Zhigalko, Sergei"]
[Result "0-1"]
[WhiteElo "2446"]
[BlackElo "2572"]
[PlyCount "58"]
[EventDate "2023.08.22"]
[EventType "swiss (blitz)"]
[EventRounds "11"]
[EventCountry "USA"]
[SourceTitle "EXT 2024"]
[Source "ChessBase"]
[SourceDate "2023.10.10"]
[SourceVersion "1"]
[SourceVersionDate "2023.10.10"]
[SourceQuality "1"]

1. d4 Nf6 2. c4 e6 3. Nc3 Bb4 4. e3 0-0 5. Bd3 d5 6. a3 Bxc3+ 7. bxc3 c5 8. cxd5 exd5 9. Ne2 Bg4 10. f3 Bh5 11. 0-0 Bg6 12. Ng3 Re8 13. Ra2 Nc6 14. Re2 Qa5 15. Bb2 Rad8 16. Kh1 a6 17. Nf5 Qc7 18. Bb1 h6 19. Qe1 Qc8 20. g4 Ne7 21. Ng3 Bxb1 22. Qxb1 Ng6 23. a4 cxd4 24. cxd4 Qc4 25. Qd1 Re6 26. Rfe1 Rde8 27. Ba3 Nh4 28. Rc2 Qxa4 29. Bc1 Nxf3 0-1

[Event "Titled Tuesday intern op 15th Aug Late"]
[Site "Chess.com INT"]
[Date "2023.08.15"]
[Round "11"]
[White "Balla, Tamas Kristof"]
[Black "Leenhouts, Koen"]
[Result "0-1"]
[WhiteElo "2303"]
[BlackElo "2446"]
[PlyCount "118"]
[EventDate "2023.08.15"]
[EventType "swiss (blitz)"]
[EventRounds "11"]
[EventCountry "USA"]
[SourceTitle "EXT 2024"]
[Source "ChessBase"]
[SourceDate "2023.10.10"]
[SourceVersion "1"]
[SourceVersionDate "2023.10.10"]
[SourceQuality "1"]

1. e4 c5 2. c3 g6 3. d4 cxd4 4. cxd4 Bg7 5. Nc3 d6 6. h3 Nf6 7. Nf3 0-0 8. Be3 Nc6 9. Be2 Bd7 10. 0-0 Rc8 11. Qd2 Na5 12. Bh6 Nc4 13. Bxc4 Rxc4 14. Bxg7 Kxg7 15. e5 Ne8 16. Rfe1 Be6 17. d5 Bc8 18. Rad1 a6 19. Qd3 b5 20. a4 Bf5 21. Qe2 Qb6 22. axb5 axb5 23. exd6 Nxd6 24. Qe5+ Kg8 25. Nd4 b4 26. Nxf5 Nxf5 27. Ne4 Rc2 28. Rd2 Rxd2 29. Nxd2 Rd8 30. Ne4 f6 31. Qf4 Rxd5 32. Ng3 Nxg3 33. Qxg3 Qd6 34. Qb3 Kg7 35. g3 e5 36. Rc1 Rd4 37. Qa4 h5 38. Qa7+ Kh6 39. Rc7 Qd5 40. Rc1 Rd1+ 41. Rxd1 Qxd1+ 42. Kh2 Qd4 43. Qb8 Qxf2+ 44. Kh1 Qf1+ 45. Kh2 Qf2+ 46. Kh1 Qxg3 47. Qf8+ Kg5 48. Qxb4 Qf3+ 49. Kh2 Qf4+ 50. Qxf4+ Kxf4 51. b4 e4 52. b5 e3 53. b6 e2 54. b7 e1Q 55. b8Q+ Qe5 56. Qb4+ Kf3+ 57. Kg1 Qg3+ 58. Kf1 Qg2+ 59. Ke1 Qe2# 0-1